[Event "e2e4 Diamond Jubilee Premier"]
[Site "London ENG"]
[Date "2012.06.02"]
[Round "1.2"]
[White "Vovk, Yuri"]
[Black "Walton, Alan J"]
[Result "1/2-1/2"]
[WhiteTitle "GM"]
[BlackTitle "CM"]
[WhiteElo "2562"]
[BlackElo "2179"]
[WhiteFideId "14113171"]
[BlackFideId "409898"]
[EventDate "2012.06.02"]

1. e4 e6 2. d4 d5 3. Nc3 Nf6 4. Bg5 Bb4 5. e5 h6 6. Bd2 Bxc3 7. bxc3 Ne4 8. Qg4
g6 9. Bd3 Nxd2 10. Kxd2 c5 11. h4 Nc6 12. Qf4 Qe7 13. Rb1 b6 14. Nf3 Bd7 15. h5
g5 16. Qf6 Qxf6 17. exf6 c4 18. Be2 O-O-O 19. Ne5 Nxe5 20. dxe5 Bc6 21. Ke3 Kc7
22. Kd4 Rhg8 23. Rh3 Ba4 24. Rc1 Rb8 25. Rg3 Rbd8 26. Rg4 Kc6 27. g3 Rb8 28. Ke3
Kc5 29. Kd2 Rbd8 30. f4 gxf4 31. gxf4 Rxg4 32. Bxg4 d4 33. f5 exf5 34. Bxf5 Bd7
35. Bxd7 Rxd7 36. Re1 Kd5 37. cxd4 Kxd4 38. Re3 b5 39. Ke2 Kd5 40. Kf3 Ke6 41.
a4 a6 42. axb5 axb5 43. Re1 Kf5 44. Re4 Ke6 45. Re1 Rd5 46. Kf4 b4 47. Re4 Rc5
48. Rd4 Rxe5 49. Rxc4 Rxh5 50. Rc6+ Kd7 51. Rb6 Rc5 52. Rxb4 Rxc2 53. Re4 Rc5 1/2-1/2

[Event "e2e4 Diamond Jubilee Premier"]
[Site "London ENG"]
[Date "2012.06.02"]
[Round "1.3"]
[White "Byron, Alan M"]
[Black "Vovk, Andrey"]
[Result "0-1"]
[BlackTitle "GM"]
[WhiteElo "2179"]
[BlackElo "2549"]
[WhiteFideId "401773"]
[BlackFideId "14114470"]
[EventDate "2012.06.02"]

1. c4 Nf6 2. g3 g6 3. Bg2 Bg7 4. Nc3 O-O 5. e4 d6 6. Nge2 c5 7. d3 Nc6 8. h3 Ne8
9. Be3 Nd4 10. Bxd4 cxd4 11. Nd5 Bd7 12. a4 a5 13. h4 e6 14. Ndf4 Qb6 15. b3
Qb4+ 16. Kf1 h6 17. Nc1 Nc7 18. Ra2 Na6 19. Qd2 Qb6 20. Bf3 Nc5 21. Bd1 Bc6 22.
f3 Kh7 23. h5 g5 24. Nh3 f5 25. Kg2 Be5 26. Nf2 Qc7 27. Ne2 g4 28. f4 Bg7 29.
Bc2 e5 30. Kg1 Ne6 31. Bd1 Rf6 32. Rh4 Raf8 33. exf5 Rxf5 34. Rxg4 Rxh5 35. Ne4
Rhf5 36. Rh4 Qe7 37. Rg4 Kh8 38. Qe1 Nc5 39. fxe5 Nxd3 40. Qd2 Rf1+ 41. Kh2 Bxe4
42. Rxe4 R8f2+ 43. Kh3 Rh1+ 0-1

[Event "e2e4 Diamond Jubilee Premier"]
[Site "London ENG"]
[Date "2012.06.02"]
[Round "1.4"]
[White "Rausis, Igor"]
[Black "Martinsen, Stig K"]
[Result "1-0"]
[WhiteTitle "GM"]
[WhiteElo "2514"]
[BlackElo "2169"]
[WhiteFideId "11600098"]
[BlackFideId "1502824"]
[EventDate "2012.06.02"]

1. d4 e6 2. c4 b6 3. a3 f5 4. Nc3 Nf6 5. Nf3 Bb7 6. g3 g6 7. Bg2 Bg7 8. O-O O-O
9. d5 Na6 10. Bf4 Ne4 11. Nxe4 fxe4 12. Ng5 exd5 13. cxd5 Bxb2 14. Nxe4 Bg7 15.
Rc1 d6 16. Bh3 Nc5 17. Bg5 Qe8 18. Nxc5 bxc5 19. Be6+ Kh8 20. Rc4 Bc8 21. Re4
Bxe6 22. Rxe6 Qd7 23. Re7 Qc8 24. Qa4 Re8 25. Rd7 h6 26. Be7 Rb8 27. Qc6 Rb7 28.
Bxd6 Rxe2 29. Bxc7 Re8 30. Rf7 Kh7 31. d6 1-0

[Event "e2e4 Diamond Jubilee Premier"]
[Site "London ENG"]
[Date "2012.06.02"]
[Round "1.5"]
[White "Karayiannis, Costas"]
[Black "Williams, Simon K"]
[Result "0-1"]
[BlackTitle "GM"]
[WhiteElo "2167"]
[BlackElo "2513"]
[WhiteFideId "405183"]
[BlackFideId "404454"]
[EventDate "2012.06.02"]

1. c4 f5 2. g3 Nf6 3. Bg2 e6 4. Nf3 Be7 5. O-O O-O 6. d3 Nc6 7. Nc3 d5 8. a3 d4
9. Nb1 a5 10. e3 dxe3 11. Bxe3 e5 12. Bg5 h6 13. Bxf6 Bxf6 14. Nc3 Be6 15. Qc2
Bf7 16. Rfe1 Bh5 17. Nd5 Bxf3 18. Bxf3 Nd4 19. Qd1 c6 20. Nc3 Qd6 21. Bg2 g6 22.
Ne2 Ne6 23. Qc2 Bd8 24. b4 axb4 25. axb4 Qxb4 26. Rab1 Qd6 27. d4 exd4 28. Qd2
Bg5 29. f4 Bf6 30. Rxb7 d3 31. Nc1 Nc5 32. Rb1 Rfe8 33. Rxe8+ Rxe8 34. Kf1 Ne4
35. Bxe4 fxe4 36. Rb3 Qe6 37. Qd1 0-1

[Event "e2e4 Diamond Jubilee Premier"]
[Site "London ENG"]
[Date "2012.06.02"]
[Round "1.6"]
[White "Hebden, Mark L"]
[Black "Akhanov, Dauren"]
[Result "1-0"]
[WhiteTitle "GM"]
[WhiteElo "2512"]
[BlackElo "2149"]
[WhiteFideId "400084"]
[BlackFideId "13704079"]
[EventDate "2012.06.02"]

1. d4 Nf6 2. Nf3 c5 3. d5 d6 4. Nc3 e5 5. e4 g6 6. Be2 Bg7 7. O-O O-O 8. Nd2 Ne8
9. Nc4 f5 10. exf5 gxf5 11. a4 Nd7 12. f4 e4 13. Kh1 Ndf6 14. Rb1 Nc7 15. Ne3
Kh8 16. b4 Ng4 17. Qe1 Nxe3 18. Bxe3 Qf6 19. Rb3 cxb4 20. Nb5 Nxd5 21. Bd4 Qe7
22. Bxg7+ Kxg7 23. Bc4 Nf6 24. Qxb4 Rd8 25. Rg3+ Kf8 26. Bb3 a6 27. Nd4 d5 28.
Qc3 Bd7 29. Rg5 e3 30. Nxf5 Bxf5 31. Rxf5 d4 32. Qc4 Kg7 33. Re5 Qd7 34. Qc5 Re8
35. Rxe8 Rxe8 36. Qg5+ 1-0

[Event "e2e4 Diamond Jubilee Premier"]
[Site "London ENG"]
[Date "2012.06.02"]
[Round "1.7"]
[White "Burrows, Martin P"]
[Black "Zhou, Yang-Fan"]
[Result "0-1"]
[BlackTitle "IM"]
[WhiteElo "2134"]
[BlackElo "2438"]
[WhiteFideId "409057"]
[BlackFideId "468584"]
[EventDate "2012.06.02"]

1. e4 c5 2. Nf3 d6 3. d4 Nf6 4. Nc3 cxd4 5. Nxd4 g6 6. Be3 a6 7. f3 b5 8. Qd2
Bb7 9. O-O-O Nbd7 10. Kb1 h5 11. Bd3 Bg7 12. h3 h4 13. Rhe1 Rc8 14. Bg5 Qb6 15.
Nb3 Ne5 16. f4 Nc4 17. Bxc4 bxc4 18. Nd4 Nd7 19. e5 O-O 20. Bxe7 dxe5 21. Bxf8
Rxf8 22. fxe5 Nxe5 23. Qf4 Qa5 24. Ne4 Bxe4 25. Qxe4 c3 26. Nb3 Qc7 27. Rd4 cxb2
28. Qxh4 Rc8 29. Qe4 Nc4 30. Rxc4 Qxc4 31. Nd2 Qc3 32. Nf3 Bf6 33. h4 Rc4 34.
Qd3 Kg7 35. g3 a5 36. Rd1 a4 37. a3 Rc7 38. Ng5 Qa5 39. Ne4 Be5 40. Qd5 Qxd5 41.
Rxd5 f6 42. Nc5 Kf7 43. g4 Ra7 44. Nd3 Ke6 45. Rb5 Rh7 46. h5 gxh5 47. gxh5 Kf5
48. Nxe5 fxe5 49. c4 Kf4 50. Kxb2 Rxh5 51. c5 e4 52. Kc3 e3 53. Rb4+ Kf3 54. c6
e2 55. Rb1 Rc5+ 56. Kb4 Rxc6 57. Kxa4 Ra6+ 0-1

[Event "e2e4 Diamond Jubilee Premier"]
[Site "London ENG"]
[Date "2012.06.02"]
[Round "1.8"]
[White "Collins, Sam E."]
[Black "Josse, Mark"]
[Result "1-0"]
[WhiteTitle "IM"]
[WhiteElo "2428"]
[BlackElo "2131"]
[WhiteFideId "2501198"]
[BlackFideId "414476"]
[EventDate "2012.06.02"]

1. e4 c5 2. Nf3 d6 3. d4 Nf6 4. Nc3 cxd4 5. Nxd4 Nc6 6. Bc4 Qb6 7. Nde2 e6 8.
O-O Be7 9. Bb3 O-O 10. Qd3 Rd8 11. Qg3 Kh8 12. Be3 Qc7 13. Rad1 a6 14. f4 b5 15.
a3 Bd7 16. f5 Na5 17. fxe6 fxe6 18. Nf4 Nxb3 19. cxb3 Bf8 20. Bd4 e5 21. Nfd5
Nxd5 22. Nxd5 Qc2 23. Bb6 Rdc8 24. Be3 Qxe4 25. Nb6 Be6 26. b4 Kg8 27. Qf3 Qxf3
28. gxf3 Be7 29. f4 Bh3 30. Rf2 e4 31. Nxa8 Rxa8 32. Rc2 Rc8 33. Rxc8+ Bxc8 34.
Rc1 Be6 35. Rc6 Kf7 36. Rxa6 Bf6 37. Rxd6 Bxb2 38. f5 Bxf5 39. Rd5 Ke6 40. Rxb5
Bxa3 41. Rb7 h5 42. b5 g6 43. Rh7 Kd6 44. b6 Kc6 45. Rc7+ 1-0

[Event "e2e4 Diamond Jubilee Premier"]
[Site "London ENG"]
[Date "2012.06.02"]
[Round "1.10"]
[White "Sarakauskas, Gediminas"]
[Black "Jackson, James P"]
[Result "0-1"]
[WhiteTitle "IM"]
[WhiteElo "2403"]
[BlackElo "2121"]
[WhiteFideId "12800724"]
[BlackFideId "416860"]
[EventDate "2012.06.02"]

1. Nf3 d5 2. c4 e6 3. d4 c5 4. cxd5 exd5 5. g3 Nc6 6. Bg2 Nf6 7. O-O Be7 8. dxc5
Bxc5 9. Bg5 O-O 10. Nc3 d4 11. Bxf6 Qxf6 12. Nd5 Qd8 13. Ne1 Be6 14. Nf4 Bf5 15.
Ned3 Bb6 16. Rc1 Rc8 17. Nc5 Bxc5 18. Rxc5 Qf6 19. Qa4 Bd7 20. Rfc1 Rfe8 21. Qb5
Rb8 22. Rd5 Qe7 23. a3 Bg4 24. Rc2 h6 25. h3 Be6 26. Rdc5 Bd7 27. Qc4 Rbd8 28.
b4 a6 29. Kh2 Qf6 30. Qd3 Ne5 31. Qd1 b6 32. Rxe5 Qxe5 33. Rd2 Bf5 34. Qa4 Bc8
35. Qd1 Rd6 36. Qc2 Rf6 37. Qb2 Rd8 38. e3 Rfd6 39. Ne2 Be6 40. Nxd4 Bd5 41. Rc2
Bxg2 42. Kxg2 h5 43. h4 Qe4+ 44. Kh2 Rd5 45. Rc7 g5 46. Qc2 Qxc2 47. Rxc2 g4 48.
Kg2 Kg7 49. Rc6 Rb8 50. Kf1 a5 51. b5 Rc5 52. Ke2 Rxc6 53. bxc6 Rd8 54. Nf5+ Kf8
55. a4 Rd5 56. Nd4 Ke7 57. f3 f5 58. fxg4 fxg4 59. Kd3 Kd6 60. e4 Rc5 61. Ke3
Rc4 62. Kd3 Rxa4 63. e5+ Kxe5 64. Nb5 Ke6 65. Kc3 Rb4 0-1

[Event "e2e4 Diamond Jubilee Premier"]
[Site "London ENG"]
[Date "2012.06.02"]
[Round "1.11"]
[White "Fox, Anthony"]
[Black "Astaneh Lopez, Alex"]
[Result "0-1"]
[BlackTitle "IM"]
[WhiteElo "2110"]
[BlackElo "2402"]
[WhiteFideId "2500736"]
[BlackFideId "2501430"]
[EventDate "2012.06.02"]

1. e4 c6 2. d4 d5 3. Nc3 dxe4 4. Nxe4 Nd7 5. Nf3 Ngf6 6. Nxf6+ Nxf6 7. Bc4 Bf5
8. O-O e6 9. Ne5 Be7 10. c3 O-O 11. Qe2 Nd7 12. Rd1 Nxe5 13. dxe5 Qc7 14. Bf4 a5
15. a4 Bg6 16. Bg3 Rfb8 17. Rd2 Bf8 18. Rad1 Qb6 19. h4 Rd8 20. h5 Rxd2 21. Rxd2
Bf5 22. Bh4 Qc5 23. g4 Bb1 24. Rd7 h6 25. Rxb7 Ra7 26. Rxa7 Qxa7 27. Qd1 Qc5 28.
Bxe6 Bh7 29. Bb3 Qxe5 30. Bg3 Qf6 31. Qe2 g6 32. hxg6 Bxg6 33. Kg2 Bc5 34. Qe8+
Bf8 35. Qe5 Qd8 36. Qd4 Qe7 37. Qe5 Qd7 38. Qd4 Qb7 39. Qc4 c5+ 40. f3 Qe7 41.
Bd1 Qd7 42. Qe2 Bd3 43. Qe1 c4 44. Bf2 Bg7 45. Bc5 Qd5 46. Qe8+ Kh7 47. Qe3 h5
48. gxh5 Bh6 49. Qd4 Qg5+ 50. Kh3 Bf1+ 0-1

[Event "e2e4 Diamond Jubilee Premier"]
[Site "London ENG"]
[Date "2012.06.02"]
[Round "1.12"]
[White "Sipila, Vilka"]
[Black "Pena Torres, Jose Carlos"]
[Result "1-0"]
[WhiteTitle "FM"]
[WhiteElo "2393"]
[BlackElo "2105"]
[WhiteFideId "505455"]
[BlackFideId "2206617"]
[EventDate "2012.06.02"]

1. f4 f5 2. Nf3 Nf6 3. b3 g6 4. Bb2 Bg7 5. e3 O-O 6. Be2 b6 7. O-O Bb7 8. c4 c5
9. d4 Ng4 10. Qd2 d6 11. h3 Nf6 12. Nc3 Re8 13. d5 e5 14. dxe6 Rxe6 15. Ng5 Re7
16. Nd5 Nxd5 17. Bxg7 Kxg7 18. cxd5 Qe8 19. e4 fxe4 20. f5 gxf5 21. Rxf5 Nd7 22.
Bh5 Qg8 23. Nf7 e3 24. Qd3 Ne5 25. Nxe5 dxe5 26. Rxe5 Rf7 27. Bxf7 1-0

[Event "e2e4 Diamond Jubilee Premier"]
[Site "London ENG"]
[Date "2012.06.02"]
[Round "1.14"]
[White "Buckley, Graeme N"]
[Black "Tasker, Michael W"]
[Result "1-0"]
[WhiteTitle "IM"]
[WhiteElo "2363"]
[BlackElo "2098"]
[WhiteFideId "402265"]
[BlackFideId "408271"]
[EventDate "2012.06.02"]

1. d4 Nf6 2. Nf3 g6 3. Bg5 Bg7 4. Nbd2 O-O 5. c3 d6 6. e4 c5 7. dxc5 dxc5 8. Be2
Nc6 9. O-O Be6 10. Qc2 Qc7 11. Be3 b6 12. h3 Rad8 13. Nc4 Bc8 14. Nfd2 e5 15. a4
Qe7 16. Bg5 h6 17. Bh4 Qc7 18. Rfd1 Ba6 19. Nf1 Ne7 20. Nfe3 Bb7 21. f3 Rfe8 22.
Qb3 Nh5 23. a5 Nf4 24. Bf1 Rxd1 25. Rxd1 Nc8 26. Na3 Bf8 27. Nb5 Qb8 28. Rd7 Re6
29. Bc4 Bc6 30. Rd8 Bxb5 31. Qxb5 g5 32. Qd7 gxh4 33. Bxe6 1-0

[Event "e2e4 Diamond Jubilee Premier"]
[Site "London ENG"]
[Date "2012.06.02"]
[Round "1.15"]
[White "Lalic, Peter D"]
[Black "Croad, Nicolas"]
[Result "1-0"]
[BlackTitle "FM"]
[WhiteElo "2097"]
[BlackElo "2334"]
[WhiteFideId "416711"]
[BlackFideId "4300793"]
[EventDate "2012.06.02"]

1. e4 c5 2. Nc3 Nc6 3. Bb5 Nd4 4. Bc4 e6 5. Nge2 Nf6 6. O-O a6 7. a4 d5 8. exd5
exd5 9. Ba2 Nxe2+ 10. Qxe2+ Be7 11. d3 Be6 12. h3 O-O 13. Qf3 Qd7 14. Bg5 Rad8
15. a5 c4 16. Rfd1 Qc7 17. Bf4 Qc8 18. Ne2 cxd3 19. cxd3 Qd7 20. Bb3 Rc8 21. Nd4
Rc5 22. Be3 Rc7 23. Ba4 Qc8 24. Bf4 Rc5 25. b4 Rc3 26. Bd2 Rc7 27. Bf4 Rc3 28.
Ne2 d4 29. Nxc3 dxc3 30. b5 axb5 31. Bxb5 Bb4 32. Rdc1 Bd5 33. Qe2 Qf5 34. Qe5
Qg6 35. Qg5 Ra8 36. Qxg6 hxg6 37. Be5 Rxa5 38. Rxa5 Bxa5 39. Bxc3 Bb6 40. Bd2
Be6 41. Bc4 Bf5 42. g4 Bd7 43. Rb1 1-0

[Event "e2e4 Diamond Jubilee Premier"]
[Site "London ENG"]
[Date "2012.06.02"]
[Round "1.16"]
[White "Eggleston, David J"]
[Black "Lim, Zhuo Ren"]
[Result "1-0"]
[WhiteTitle "FM"]
[WhiteElo "2327"]
[BlackElo "2095"]
[WhiteFideId "412120"]
[BlackFideId "5702488"]
[EventDate "2012.06.02"]

1. e4 c5 2. Nf3 d6 3. d4 cxd4 4. Nxd4 Nf6 5. Nc3 a6 6. Be3 e5 7. Nb3 Be6 8. Qd2
Be7 9. O-O-O Ng4 10. Kb1 Nd7 11. g3 b5 12. f4 b4 13. Nd5 Bxd5 14. exd5 Nxe3 15.
Qxe3 Qc7 16. Bh3 Nb6 17. Na5 O-O 18. Nc6 Nxd5 19. Nxe7+ Nxe7 20. fxe5 dxe5 21.
Rd7 Qc6 22. Rhd1 Ng6 23. Bf5 Qf6 24. Qd3 a5 25. Rd6 Qe7 26. h4 Rfe8 27. Be4 Ra7
28. Bc6 Rc8 29. Qf5 Qf8 30. Be4 Qe8 31. h5 Nf8 32. h6 gxh6 33. Rxh6 Ng6 34. Rdh1
Rd8 35. Rxh7 Rd1+ 36. Rxd1 Kxh7 37. Qf6 Qe7 38. Bxg6+ 1-0

[Event "e2e4 Diamond Jubilee Premier"]
[Site "London ENG"]
[Date "2012.06.02"]
[Round "1.17"]
[White "Goodger, Martyn"]
[Black "Berry, Neil"]
[Result "1/2-1/2"]
[BlackTitle "FM"]
[WhiteElo "2091"]
[BlackElo "2308"]
[WhiteFideId "408336"]
[BlackFideId "2400650"]
[EventDate "2012.06.02"]

1. e4 e5 2. Nf3 Nc6 3. d4 exd4 4. Nxd4 Nf6 5. Nc3 Bb4 6. Nxc6 bxc6 7. Qd4 Qe7 8.
f3 Bc5 9. Qd3 O-O 10. Bg5 Rb8 11. O-O-O Qe6 12. Qc4 d6 13. Qxe6 Bxe6 14. Na4 Bf2
15. Rd2 Be1 16. Rd1 Bf2 17. Rd2 Be1 18. Rd1 Ba5 19. a3 Nd7 20. Be3 c5 21. b3 Ne5
22. f4 Ng4 23. Bg1 f5 24. e5 Rfd8 25. h3 Nh6 26. Bf2 Nf7 27. Bh4 Re8 28. Be2 c4
29. b4 Bb6 30. Nxb6 axb6 31. exd6 Nxd6 32. Bf3 Ne4 33. Bxe4 fxe4 34. Rhe1 Ra8
35. Re3 c6 36. g4 b5 37. Kb2 Bd5 38. f5 Ra7 39. Bg3 1/2-1/2

[Event "e2e4 Diamond Jubilee Premier"]
[Site "London ENG"]
[Date "2012.06.02"]
[Round "1.18"]
[White "Rudd, Jack"]
[Black "Kahn, Tito"]
[Result "1-0"]
[WhiteTitle "IM"]
[WhiteElo "2305"]
[BlackElo "2085"]
[WhiteFideId "405736"]
[BlackFideId "15600084"]
[EventDate "2012.06.02"]

1. e4 c5 2. Nf3 Nc6 3. d4 cxd4 4. Nxd4 e6 5. Nc3 Qc7 6. Be3 a6 7. Qd2 Nf6 8. f3
b5 9. O-O-O Bb7 10. Kb1 Be7 11. g4 d6 12. h4 O-O 13. h5 Nxd4 14. Bxd4 e5 15. Be3
b4 16. Ne2 d5 17. g5 d4 18. Bf2 Nd7 19. Ng3 Rfc8 20. Bh3 a5 21. g6 a4 22. h6
hxg6 23. hxg7 Bf6 24. Bxd7 Qxd7 25. Rh8+ 1-0

[Event "e2e4 Diamond Jubilee Premier"]
[Site "London ENG"]
[Date "2012.06.02"]
[Round "1.19"]
[White "Humphreys, Jerry G"]
[Black "Longson, Alexander"]
[Result "1/2-1/2"]
[WhiteElo "2080"]
[BlackElo "2274"]
[WhiteFideId "408158"]
[BlackFideId "408093"]
[EventDate "2012.06.02"]

1. c4 e6 2. Nf3 d5 3. g3 dxc4 4. Qa4+ Nd7 5. Bg2 a6 6. Qxc4 b5 7. Qc2 Bb7 8. O-O
Ngf6 9. d3 c5 10. a4 Be7 11. axb5 axb5 12. Rxa8 Bxa8 13. Nc3 Qb6 14. Qb3 b4 15.
Na4 Qa6 16. Qc2 O-O 17. Bd2 Bd5 18. b3 Ra8 19. Ra1 Qb7 20. Ra2 Ra5 21. Ne1 Qa7
22. d4 cxd4 23. Qc8+ Nf8 24. Rc2 Bxg2 25. Kxg2 Nd5 26. Rc6 Qa8 27. Nf3 Bf6 28.
Nc5 Ne7 29. Qxa8 Rxa8 30. Rb6 Nd5 31. Rb7 Nc3 32. Kf1 Ra1+ 33. Be1 e5 34. Rxb4
Be7 35. Rc4 Bxc5 36. Rxc5 f6 37. e3 Ne6 38. Rc8+ Kf7 39. exd4 exd4 40. Nxd4 Nxd4
41. Rxc3 Rb1 42. Re3 1/2-1/2

[Event "e2e4 Diamond Jubilee Premier"]
[Site "London ENG"]
[Date "2012.06.02"]
[Round "1.20"]
[White "White, Michael J R"]
[Black "Orishko, Yaroslav"]
[Result "1-0"]
[WhiteTitle "FM"]
[WhiteElo "2272"]
[BlackElo "2080"]
[WhiteFideId "407380"]
[BlackFideId "14102919"]
[EventDate "2012.06.02"]

1. e4 d5 2. exd5 Qxd5 3. Nc3 Qa5 4. d4 c6 5. Nf3 Nf6 6. Bc4 Bf5 7. Bd2 e6 8. Nd5
Qd8 9. Nxf6+ Qxf6 10. Bg5 Qg6 11. O-O Be4 12. Bf4 Be7 13. g3 Nd7 14. Ne1 Nb6 15.
Be2 Nd5 16. Be5 h5 17. c4 f6 18. cxd5 fxe5 19. dxc6 Bxc6 20. dxe5 h4 21. Qd3 Qg5
22. Ng2 hxg3 23. Qxg3 Qh6 24. Rad1 Rd8 25. Bg4 Bg5 26. Bxe6 Bxg2 27. Qxg2 Rxd1
28. Rxd1 Bf4 29. Rd8+ 1-0

[Event "e2e4 Diamond Jubilee Premier"]
[Site "London ENG"]
[Date "2012.06.02"]
[Round "1.21"]
[White "Bennett, Dominic L"]
[Black "McMahon, Daire"]
[Result "1/2-1/2"]
[BlackTitle "FM"]
[WhiteElo "2072"]
[BlackElo "2229"]
[WhiteFideId "416657"]
[BlackFideId "2500477"]
[EventDate "2012.06.02"]

1. d4 Nf6 2. Nf3 b6 3. c4 Bb7 4. Nc3 e6 5. Bg5 Bb4 6. Qb3 c5 7. a3 Ba5 8. dxc5
Na6 9. Nd2 Nxc5 10. Qc2 Bxc3 11. Qxc3 h6 12. Bh4 O-O 13. f3 d5 14. e3 Re8 15. b4
Ncd7 16. Bd3 e5 17. Qb2 e4 18. fxe4 dxe4 19. Be2 Ne5 20. O-O Re6 21. Nb3 Nd3 22.
Qc3 Rc8 23. Nd4 Nd5 24. Bxd8 Nxc3 25. Bxd3 exd3 26. Nxe6 fxe6 27. Be7 d2 28. c5
Ba6 29. Rfd1 Ne4 30. Ra2 Kf7 31. Bd6 bxc5 32. bxc5 Bb5 33. Raxd2 Nxd2 34. Rxd2
Bc6 35. Kf2 Rd8 36. Kg3 e5 37. Kg4 Ke6 38. Kh5 Be8+ 39. Kg4 Bc6 40. Kh5 Be8+ 41.
Kg4 1/2-1/2

[Event "e2e4 Diamond Jubilee Premier"]
[Site "London ENG"]
[Date "2012.06.02"]
[Round "1.22"]
[White "Snape, Ian L"]
[Black "Savage, Nicholas W"]
[Result "1-0"]
[WhiteElo "2229"]
[BlackElo "2072"]
[WhiteFideId "404489"]
[BlackFideId "417157"]
[EventDate "2012.06.02"]

1. e4 e5 2. Nf3 Nc6 3. Bb5 Nf6 4. O-O Nxe4 5. Re1 Nd6 6. Nxe5 Be7 7. Bf1 Nxe5 8.
Rxe5 O-O 9. d4 Bf6 10. Re1 Nf5 11. d5 Re8 12. Nd2 Rxe1 13. Qxe1 d6 14. Ne4 Be5
15. c3 Bd7 16. Bg5 f6 17. Bd2 g5 18. g3 g4 19. Qe2 Ne7 20. f4 gxf3 21. Qxf3 Nxd5
22. Bc4 c6 23. Rf1 Be6 24. Bh6 Qe7 25. Bxd5 Bxd5 26. Nxf6+ Bxf6 27. Qxf6 Qxf6
28. Rxf6 Rd8 29. a3 Bf7 30. Kf2 d5 31. h3 Re8 32. Rd6 Be6 33. g4 Kf7 34. Bg5 a6
35. Kf3 Kg6 36. Bh4 Kf7 37. Kf4 Kg7 38. Bd8 Kf7 39. h4 Rg8 40. g5 h6 41. gxh6
Rg4+ 42. Kf3 Re4 43. Bg5 Re1 44. Kf2 Re4 45. Rd8 Bf5 46. Rb8 1-0

[Event "e2e4 Diamond Jubilee Premier"]
[Site "London ENG"]
[Date "2012.06.02"]
[Round "1.23"]
[White "Bhatia, Kanwal K"]
[Black "Duport, Nicolas"]
[Result "0-1"]
[WhiteTitle "WFM"]
[WhiteElo "2064"]
[BlackElo "2214"]
[WhiteFideId "407496"]
[BlackFideId "1314424"]
[EventDate "2012.06.02"]

1. e4 e6 2. d4 d5 3. Nd2 c5 4. exd5 Qxd5 5. Ngf3 cxd4 6. Bc4 Qd6 7. O-O Nf6 8.
Nb3 Nc6 9. Nbxd4 Nxd4 10. Nxd4 a6 11. a4 Qc7 12. b3 Bd6 13. h3 O-O 14. Qe2 e5
15. Nf3 Bf5 16. Bb2 Rfe8 17. Rad1 Bg6 18. Rfe1 e4 19. Nh4 Bh5 20. g4 Bg6 21.
Nxg6 hxg6 22. Kh1 Bc5 23. Bd4 Rad8 24. Qe3 Bxd4 25. Rxd4 Rxd4 26. Qxd4 Qf4 27.
Qe3 Qe5 28. Rd1 g5 29. Kg2 g6 30. Qg3 Kg7 31. Qxe5 Rxe5 32. Rd6 b5 33. axb5 axb5
34. Bf1 Nd5 35. c4 Nf4+ 36. Kh2 bxc4 37. bxc4 Kf8 38. Rd4 Ke7 39. Bg2 f5 40. Bf1
Ne6 41. Rd1 Ra5 42. Kg1 Ra3 43. Bg2 Rc3 44. Rd5 Kf6 45. Bf1 Nf4 46. Rd6+ Ke5 47.
Ra6 Rc1 48. Ra5+ Kf6 49. Ra6+ Ne6 50. Kg2 Rc2 51. Kg1 Ke5 52. Ra5+ Kf4 53. Ra6
Nd4 54. Rxg6 Nf3+ 55. Kh1 Rc1 0-1

[Event "e2e4 Diamond Jubilee Premier"]
[Site "London ENG"]
[Date "2012.06.02"]
[Round "1.24"]
[White "Sreeves, Clement"]
[Black "Mihajlov, Sebastian"]
[Result "1-0"]
[WhiteElo "2209"]
[BlackElo "2064"]
[WhiteFideId "2402564"]
[BlackFideId "1512110"]
[EventDate "2012.06.02"]

1. e4 e5 2. Nf3 Nc6 3. Bb5 a6 4. Ba4 Nf6 5. O-O Be7 6. Bxc6 dxc6 7. d3 Qd6 8.
Nbd2 Be6 9. Ng5 O-O 10. Nxe6 Qxe6 11. b3 Rad8 12. Qe2 b5 13. Bb2 c5 14. a4 c6
15. h3 Rd6 16. Rfe1 Nd7 17. Qg4 Qxg4 18. hxg4 Rg6 19. Nf3 Re6 20. Red1 f6 21.
Nd2 Nb8 22. Nf1 g6 23. Ne3 Bd6 24. Kf1 Rf7 25. Ke2 Rf8 26. Rh1 Re7 27. Rh3 Rb7
28. Bc3 Re8 29. Rah1 Ree7 30. Ra1 Ra7 31. g3 b4 32. Bd2 Nd7 33. Rf1 Nf8 34. Nc4
Bc7 35. Kd1 Ne6 36. f4 Nd4 37. Rh2 Rf7 38. Rhf2 Kg7 39. Be3 Kg8 40. Kd2 Kg7 41.
g5 fxg5 42. fxe5 Bd8 43. Bxd4 cxd4 44. Nd6 Rxf2+ 45. Rxf2 Re7 46. Rf6 Rxe5 47.
Rf7+ Kg8 48. Ra7 Be7 49. Nc4 Re6 50. Rxa6 h5 51. Ke2 h4 52. Kf2 h3 53. g4 Rf6+
54. Kg3 h2 55. Kxh2 Rf2+ 56. Kg3 Rxc2 57. Rxc6 Rc3 58. Ne5 Rxb3 59. Rxg6+ Kf8
60. Rb6 Ra3 61. Ng6+ Kf7 62. Nxe7 Kxe7 63. Rxb4 Rxd3+ 64. Kf2 Kf6 65. Rb5 Re3
66. Rf5+ Ke6 67. Rxg5 Rxe4 68. Kf3 Re3+ 69. Kf4 Ra3 70. Ra5 d3 71. Ke3 Kf6 72.
Rf5+ Kg6 73. a5 Ra4 74. Kxd3 Rxg4 75. Rf8 Ra4 76. Ra8 Kf7 77. a6 Ke7 78. a7 1-0

[Event "e2e4 Diamond Jubilee Premier"]
[Site "London ENG"]
[Date "2012.06.02"]
[Round "1.25"]
[White "Hegarty, Sarah N"]
[Black "Tozer, Philip A A"]
[Result "1/2-1/2"]
[WhiteTitle "WFM"]
[WhiteElo "2062"]
[BlackElo "2199"]
[WhiteFideId "2501465"]
[BlackFideId "419982"]
[EventDate "2012.06.02"]

1. e4 e6 2. d4 d5 3. Nc3 Nf6 4. Bg5 Be7 5. e5 Nfd7 6. h4 O-O 7. Bd3 c5 8. Qh5 g6
9. Qh6 Nc6 10. Bxe7 Qxe7 11. h5 cxd4 12. hxg6 fxg6 13. Bxg6 hxg6 14. Qh8+ Kf7
15. Rh7+ Ke8 16. Rxe7+ Nxe7 17. Qh3 dxc3 18. Qxc3 Rf4 19. Ne2 Rc4 20. Qh3 Rxc2
21. Nd4 Rc4 22. Nb5 Nxe5 23. Nd6+ Kd7 24. Nxc4 Nxc4 25. b3 Ne5 26. Rc1 b6 27.
Kd2 N5c6 28. Qg4 Bb7 29. Re1 Nd8 30. Rh1 Ndc6 31. Re1 Nd8 1/2-1/2

[Event "e2e4 Diamond Jubilee Premier"]
[Site "London ENG"]
[Date "2012.06.02"]
[Round "1.26"]
[White "Anderson, John"]
[Black "Batchelor, Peter J"]
[Result "1/2-1/2"]
[WhiteElo "2195"]
[BlackElo "2050"]
[WhiteFideId "405353"]
[BlackFideId "424854"]
[EventDate "2012.06.02"]

1. d4 d5 2. Bf4 Nf6 3. c3 g6 4. Nf3 Bg7 5. e3 O-O 6. Nbd2 Nbd7 7. h3 b6 8. Be2
Bb7 9. O-O c5 10. a4 Rc8 11. Bh2 Re8 12. a5 Ne4 13. axb6 Nxd2 14. Qxd2 Qxb6 15.
Ra2 a6 16. Rfa1 c4 17. Bd1 e6 18. Ba4 Red8 19. Bxd7 Rxd7 20. Qd1 f6 21. Qa4 Rc6
22. Bg3 Bf8 23. Rb1 Bd6 24. Bxd6 Rdxd6 25. Nd2 Kf7 26. b4 cxb3 27. Rxb3 Qc7 28.
Rab2 Bc8 29. Qa3 a5 30. Nf3 Rc4 31. Nd2 Rcc6 32. Nf3 Rc4 33. Nd2 1/2-1/2